Tratado jurisprudencial de derecho Administrativo
Gardado en:
| Autor Principal: | |
|---|---|
| Formato: | Libro |
| Idioma: | Lingua castelá |
| Publicado: |
Santiago
Legal Publishing
2013
|
| Subjects: | |
| Tags: |
Engadir etiqueta
Sen Etiquetas, Sexa o primeiro en etiquetar este rexistro!
|
MARC
| LEADER | 00000cam a2200000 a 4500 | ||
|---|---|---|---|
| 001 | UCF6153 | ||
| 003 | CL-VaPUC | ||
| 008 | 130411e20130100CL |||||||||||||||||spa|d | ||
| 020 | |a 9789563461299o.c | ||
| 020 | |a 9789563462715t.1 | ||
| 020 | |a 9789563462593t.3 | ||
| 020 | |a 9789563462623t.14 | ||
| 082 | 0 | 4 | |a 342.8306 |b PAN |2 21 |
| 100 | |a Pantoja Bauzá, Rolando |e autor |9 568200 | ||
| 245 | 1 | 0 | |a Tratado jurisprudencial de derecho Administrativo |
| 300 | |a t | ||
| 942 | |c BK | ||
| 945 | |d 20130411 00:00:00 |a dcastane | ||
| 260 | |a Santiago |b Legal Publishing |c 2013 | ||
| 500 | |a t.1: Bases constitucionales de la administración del Estado, Francisco Octavio Zúñiga Urbina | ||
| 500 | |a t.3: Ley Nº 18.575 interpretada. Ley Orgánica Constitucional de bases generales de la Administración del Estado, Pallavicini Magnére, Julio | ||
| 500 | |a t.14: Ley Nº 19.886 de bases sobre contratos de suministro y restación de servicios. Jurisprudencia judicial y administrativa, Francisco Octavio Zúñiga Urbina y Jaime Gajardo Falcón | ||
| 650 | 0 | |a Derecho administrativo |9 254851 | |
| 650 | 0 | |a Administración del Estado |9 391238 | |
| 650 | 7 | |a POTESTAD REGLAMENTARIA |2 CL-VaPUC |9 384507 | |
| 650 | 0 | |a Actos administrativos |9 256128 | |
| 583 | |a last modification |c 20130418 10:30:49 |k Rodrigo Vera | ||
| 999 | |c 351472 |d 351470 | ||
| 952 | |0 0 |1 0 |4 0 |6 342_830600000000000_PAN_2013 |7 0 |8 A |9 455607 |a BIBDER |b BIBDER |d 2019-11-22 |h t.1 |i 4963997 |o 342.8306 PAN 2013 |p 4963997 |r 2023-01-25 |w 2019-11-22 |y BK |k DER | ||
| 952 | |0 0 |1 0 |4 0 |6 342_830600000000000_PAN_2013 |7 0 |8 A |9 455608 |a BIBDER |b BIBDER |d 2019-11-22 |h t.3 |i 4964004 |o 342.8306 PAN 2013 |p 4964004 |r 2023-01-25 |w 2019-11-22 |y BK |k DER | ||
| 952 | |0 0 |1 0 |4 0 |6 342_830600000000000_PAN_2013 |7 0 |8 A |9 455609 |a BIBDER |b BIBDER |d 2019-11-22 |h t.14 |i 4963938 |o 342.8306 PAN 2013 |p 4963938 |r 2023-01-25 |w 2019-11-22 |y BK |k DER | ||